'J' & 'K' TV Shows by Cast Photo Quiz Stats

 Plays Quiz Updated Nov 5, 2017

Challenge
Share
Tweet
Score 0/25 Timer 08:00
14 Plays Today
% Correct
Jersey Shore
85%
Joey
81.5%
The Jeffersons
81.4%
King of Queens
81.2%
Jackass
79.1%
Knight Rider
77.1%
Keeping Up With the Kardashians
76.1%
JAG
69.3%
Just Shoot Me!
64.7%
JONAS
64.7%
Joanie Loves Chachi
61.2%
Jon and Kate Plus 8
57.8%
Kenan and Kel
55%
% Correct
Jane the Virgin
52.7%
Key and Peele
52.6%
Kojak
49.8%
Jessica Jones
44.8%
Judging Amy
41.3%
Knots Landing
37.9%
Justified
34.6%
The Kids in the Hall
28.9%
Jessie
24.1%
Joan of Arcadia
22.3%
Kyle XY
17.8%
Jericho
17%

You're not logged in!

Compare scores with friends on all Sporcle quizzes.
OR
Log In

You Might Also Like...

Show Comments

Extras

Top Quizzes Today


Score Distribution

Your Account Isn't Verified!

In order to create a playlist on Sporcle, you need to verify the email address you used during registration. Go to your Sporcle Settings to finish the process.

Report this User

Report this user for behavior that violates our Community Guidelines.

Details: